Responses for show #3457 - Tuesday, September 21, 1999

Contestants

[<< previous game]

Ken Sandler, an environmental protection specialist from Arlington, Virginia

Mary Ellen O'Hagan, a school food service manager from Pearl River, New York

Deanna Walton, a tax consultant from Arlington, Virginia (whose 2-day cash winnings total $24,300)

[next game >>]

Jeopardy! Round responses

AMERICAN POETRY
ROCK & ROLL RHYME TIME
1998 DISCOVERIES
FOREIGN FUNDS
(Alex: Basic units of currency in other lands)
THE LIBERTY BELL
THAT'S "GREAT"
    $100 2
The Raven

Mary Ellen
    $100 9
Pop's cops

Deanna
    $100 19
(D: What are rats?)

Mice

DeannaKen
    $100 1
Ethiopia

Ken
    $100 24
(with a minute to go...)

Davy Crockett

Mary Ellen
    $100 3
The Great Pumpkin

Deanna
    $200 5
Emily Dickinson

Deanna
    $200 10
Lou's shoes

Deanna
    $200 20
Aspirin

Deanna
    $200 12
Pound

Deanna
    $200 25
1753

Deanna
    $200 4
Great Wall of China

Ken
    $300 16
Miles Standish

Triple Stumper
    $300 11
Billy's lilies

Ken
    $300 21
Lewis and Clark

Mary Ellen
    $300 15
Italian Lira

Ken
    $300 26
Marquis de Lafayette

Deanna
    $300 6
Great-grandson

Deanna
    $400 17
Good neighbors

Deanna
    $400 13
Crow's toes

Mary Ellen
    $400 22
Alexandria

Triple Stumper
    $400 29
Pesos

Triple Stumper
    $400 27
D-Day (June 6, 1944)

Mary Ellen
    $400 7
"The Great American Novel"

Triple Stumper
    $500 18
Oliver Wendell Holmes

Triple Stumper
    $500 14
Jim's swims

Ken
    $500 23
Biosphere

Triple Stumper
    $1,300 30
(D: Who was Cortez?)

Vasco de Balboa

Deanna
    $500 28
Copper

Deanna
    $500 8
Great Divide

Deanna

Scores at the first commercial break (after clue 15):

Deanna Mary Ellen Ken
$1,600 $500 $1,400

Scores at the end of the Jeopardy! Round:

Deanna Mary Ellen Ken
$1,800 $1,300 $1,500

Double Jeopardy! Round responses

THE ROARING '20s
THE DIRECTOR'S CHAIR
FRENCH CITIES
FAMOUS FACES
THE ROTARY CLUB
BEFORE & AFTER
    $200 6
Bagels

Ken
    $200 21
Alfred Hitchcock

Ken
    $200 11
Albertville, Chamonix & Grenoble

Deanna
    $200 12
John Paul Jones

Ken
    $200 1
Batman & Robin Leach

Mary Ellen
    $400 7
Gertrude Ederle

Mary Ellen
    $400 22
Stanley Kubrick

Ken
    $400 13
Le Mans

Triple Stumper
    $400 17
C. Everett Koop

Ken
    $400 2
Social Security blanket

Mary Ellen
    $800 8
Chicago

Mary Ellen
    $600 23
Frank Capra

Deanna
    $700 14
(K: What is Brittany?)

Calais

Ken
    $600 18
Wiley Post

Triple Stumper
    $600 3
The Tonight Show Me the Money

Deanna
    $800 9
Warren G. Harding

Ken
    $800 24
Bruce Beresford

Triple Stumper
    $800 15
(Alex: What you might have a glass of when you toast your appearance on "Jeopardy!")

Bordeaux

Triple Stumper
    $800 19
Boris Karloff

Deanna
    $800 4
Jerry Springer spaniel

Deanna
    $1000 10
Paavo Nurmi

Triple Stumper
    $1000 25
(buzzer sounds)

James Cameron

Deanna
    $1000 16
(M: What is Arles?)
(D: What is Orleans?)
(K: What is Paris?)

Rouen

DeannaMary EllenKen
Triple Stumper
    $1000 20
(and less than a minute to go...)

Sun Yat-sen

Ken
    $1000 5
Muhammad Ali Baba

Ken

Scores at the end of the Double Jeopardy! Round:

Deanna Mary Ellen Ken
$4,800 $2,100 $4,000

[wagering suggestions for these scores]

Final Jeopardy! Round responses

TREES
Mary EllenWhat is the maple?
$2,000
KenWhat is an oak
$800
DeannaWhat is the hardwood tree?
$3,201
Hickory

Final scores:

Deanna Mary Ellen Ken
$1,599 $100 $3,200
2nd place: Trip to Caesar's, Lake Tahoe, Nevada 3rd place: Ducane 2004SS Gas Grill New champion: $3,200

Game dynamics:

Coryat scores:

Deanna Mary Ellen Ken
$6,100 $1,900 $4,700
18 R,
3 W
(including 1 DD)
9 R
(including 1 DD),
1 W
14 R,
2 W
(including 1 DD)

Combined Coryat: $12,700

The J! Archive is created by fans, for fans. Scraping, republication, monetization, and malicious use prohibited; this site may use cookies and collect identifying information. See terms. The Jeopardy! game show and all elements thereof, including but not limited to copyright and trademark thereto, are the property of Jeopardy Productions, Inc. and are protected under law. This website is not affiliated with, sponsored by, or operated by Jeopardy Productions, Inc. Join the discussion at JBoard.tv.